Stiletto - Billy Joel - Lyrics - Statistics

General Stats
  • This quiz has been taken 19 times
  • The average score is 222 of 246
Answer Stats
Answer % Correct
a
100%
cuts
100%
deep
100%
deep,
100%
do
100%
don't
100%
her
100%
in
100%
mind
100%
on
100%
pain
100%
pain.
100%
really
100%
see
100%
She
100%
she
100%
She's
100%
so
100%
stiletto
100%
stiletto,
100%
The
100%
the
100%
With
100%
with
100%
you
100%
You
100%
your
100%
blade
92%
bleed
92%
'Cause
92%
clever
92%
even
92%
for
92%
forgiveness
92%
gives
92%
good
92%
got
92%
hard,
92%
know
92%
leave
92%
masquerade
92%
more
92%
much
92%
need
92%
once,
92%
searches
92%
skill
92%
some
92%
that
92%
to
92%
twice
92%
what
92%
When
92%
you're
92%
You've
92%
you've
92%
back
83%
been
83%
believe
83%
bleedin',
83%
bleedin'
83%
But
83%
comes
83%
down
83%
face
83%
fascinating
83%
insides
83%
It's
83%
kill
83%
left
83%
life
83%
out,
83%
says
83%
slashed
83%
stand
83%
still
83%
such
83%
Then
83%
there
83%
up
83%
vein
83%
waiting
83%
want
83%
wants
83%
While
83%
affection
75%
As
75%
away
75%
blood
75%
bought,
75%
can
75%
carves
75%
door
75%
gonna
75%
have
75%
is
75%
knife
75%
locked
75%
love
75%
needs
75%
nothing
75%
outside
75%
run
75%
sold
75%
stay
75%
strength
75%
taste
75%
won;t
75%
cutting
67%
keeps
67%
pleadin',
67%
pleadin'
67%
wound
58%
fresh
42%
No matching quizzes found
Score Distribution
Percent of People with Each Score
Percentile by Number Answered
Your Score History
You have not taken this quiz